The History and Adventures of the Renowned Don Quixote (Record no. 2960)

MARC details
000 -CABECERA
campo de control de longitud fija 01297nam a2200301 a 4500
001 - NÚMERO DE CONTROL
campo de control BRCA_3224
005 - FECHA Y HORA DE LA ÚLTIMA TRANSACCIÓN
campo de control 20190320204155.0
008 - DATOS DE LONGITUD FIJA--INFORMACIÓN GENERAL
campo de control de longitud fija 040309s1780----enk#---###---#000-0#eng-#
041 ## - CÓDIGO DE LENGUA
Código de lengua del texto/banda sonora o título independiente eng
044 ## - CÓDIGO DEL PAÍS DE LA ENTIDAD EDITORA/PRODUCTORA
Código MARC del país enk
084 ## - OTRO NÚMERO DE CLASIFICACIÓN
Número de clasificación 525
Número de documento/Ítem .M94
-- 1780
100 1# - ENTRADA PRINCIPAL--NOMBRE DE PERSONA
Nombre de persona Cervantes Saavedra, Miguel de
Fechas asociadas al nombre 1547-1616
9 (RLIN) 213
245 10 - MENCIÓN DE TÍTULO
Título The History and Adventures of the Renowned Don Quixote
Mención de responsabilidad, etc. Translated from the Spanish of Miguel de Cervantes Saavedra by Dr. Smollett.
260 ## - PUBLICACIÓN, DISTRIBUCIÓN, ETC.
Lugar de publicación, distribución, etc. Londres
Nombre del editor, distribuidor, etc. Myhew, Isaac
Fecha de publicación, distribución, etc. 1780
300 ## - DESCRIPCIÓN FÍSICA
Extensión viii, 388 p.
Dimensiones 26 cm.
500 ## - NOTA GENERAL
Nota general Contenido : 1 v. en dos partes. Primera parte. Introducción del traductor. Prólogos a la primera y la segunda parte del autor. Segunda parte. Texto
500 ## - NOTA GENERAL
Nota general Reproducción de la traducción de Smollett. Edición económica, de tipos muy pequeños. Semipiel Lúdovik Osterc
500 ## - NOTA GENERAL
Nota general QM1330
546 ## - NOTA DE LENGUA/LENGUAJE
Nota de lengua/lenguaje Texto en : inglés
650 14 - PUNTO DE ACCESO ADICIONAL DE MATERIA--TÉRMINO DE MATERIA
Término de materia o nombre geográfico como elemento de entrada Novela española
Subdivisión cronológica Época clásica, 1500-1700
9 (RLIN) 215
650 14 - PUNTO DE ACCESO ADICIONAL DE MATERIA--TÉRMINO DE MATERIA
Término de materia o nombre geográfico como elemento de entrada Literatura española
Subdivisión cronológica Época clásica, 1500-1700
9 (RLIN) 216
650 14 - PUNTO DE ACCESO ADICIONAL DE MATERIA--TÉRMINO DE MATERIA
Término de materia o nombre geográfico como elemento de entrada Novela española
Subdivisión cronológica Siglo XVII
9 (RLIN) 217
650 14 - PUNTO DE ACCESO ADICIONAL DE MATERIA--TÉRMINO DE MATERIA
Término de materia o nombre geográfico como elemento de entrada Don Quijote (Personaje ficticio)
Término indicativo de función/relación Novela
9 (RLIN) 218
700 1# - PUNTO DE ACCESO ADICIONAL--NOMBRE DE PERSONA
Nombre de persona Smollett, Tobias George
Fechas asociadas al nombre 1721-1771
Término indicativo de función/relación Traductor
9 (RLIN) 8611
740 0# - PUNTO DE ACCESO ADICIONAL--TÍTULO RELACIONADO O ANALÍTICO NO CONTROLADO
Título relacionado o analítico no controlado El Ingenioso Hidalgo Don Quijote de la Mancha
902 ## - CATALOGADOR
Iniciales QFM
942 ## - ELEMENTOS DE PUNTO DE ACCESO ADICIONAL (KOHA)
Fuente del sistema de clasificación o colocación Library of Congress Classification
Tipo de ítem Koha Libros
Holdings
Estado de retiro Estado de pérdida Estado dañado No para préstamo Localización permanente Ubicación/localización actual Fecha de adquisición Número de inventario Total de préstamos Signatura topográfica completa Código de barras Fecha visto por última vez Precio válido a partir de Tipo de ítem Koha
El ejemplar forma parte de la colección y puede ser consultado según las políticas vigentes.       Biblioteca del Museo Franz Mayer (Rogerio Casas-Alatriste) Biblioteca del Museo Franz Mayer (Rogerio Casas-Alatriste) 04/03/2009 QM1330   525 .M94 1780 (QM1330) 3221 22/03/2019 22/03/2019 Libros